| 000 | 01238nam a2200349 a 4500 | ||
|---|---|---|---|
| 001 | 59917 | ||
| 003 | BD-RjUL | ||
| 005 | 20211209080800.0 | ||
| 008 | 161227s1962 enka b 001 0 eng | ||
| 035 | _aMITb10427416 | ||
| 035 | _a(BD-RjUL) 60041 | ||
| 035 | _aGLIS00427416 | ||
| 040 |
_aDLC _cWSU _dSER _dOCL _dBD-RjUL _beng |
||
| 041 | _aeng | ||
| 082 |
_223 _a330.942 _bHOE 1962 |
||
| 090 |
_aHC259 _b.E19 |
||
| 099 | _aHC259.E19 | ||
| 245 | 0 | 0 |
_aEconomic systems of the Commonwealth / _c Calvin B. Hoover ... [et al.]. Edited by Calvin B. Hoover. |
| 260 |
_aDurham, N.C., _bPublished for the Duke University Commonwealth-Studies Center by Duke University Press, _c1962. |
||
| 300 |
_ax, 538 p. : _bill. ; _c24 cm. |
||
| 490 | 1 |
_aDuke University, Durham, N.C. Commonwealth-Studies Center. Publication _vno. 16 |
|
| 500 | _aInclude index. | ||
| 504 | _aBibliographical footnotes. | ||
| 610 | 2 | 0 |
_aCommonwealth of Nations _9178513 |
| 650 | _2Economic history | ||
| 650 | _2Economic conditions. | ||
| 700 | 1 |
_aHoover, Calvin B. _q(Calvin Bryce), _d1897-1974. _9174163 |
|
| 830 | 0 |
_aPublication (Duke University. Commonwealth-Studies Center) ; _vno. 16. _9178514 |
|
| 942 |
_2ddc _cBK |
||
| 949 | _aMYGD | ||
| 999 |
_c59917 _d59917 |
||